| Record ID | marc_records_scriblio_net/part25.dat:70960093:665 |
| Source | Scriblio |
| Download Link | /show-records/marc_records_scriblio_net/part25.dat:70960093:665?format=raw |
LEADER: 00665nam 2200205 a 4500
001 95142427
003 DLC
005 19950517100846.7
008 950418s1993 fr a s 000 0 fre
010 $a 95142427
020 $a295038269X
040 $aDLC$cDLC
043 $ae-fr---
050 00 $aHN438.H347$bM37 1993
100 1 $aMarguerite, Michel.
245 10 $aHaute-Saône, département top-rural /$cMichel Marguerite.
260 $aNoidans-lès-Vesoul, Haute-Saône :$bM. Marguerite,$c[1993]
300 $a762 p. :$bill. ;$c21 x 30 cm.
651 0 $aHaute-Saône (France)$xRural conditions$xStatistics.
651 0 $aHaute-Saône (France)$xEconomic conditions$xStatistics.